000 01599nam a2200325 a 4500
001 BRCA_3218
005 20190320204153.0
008 030309s1770----enka---###---#000-0#eng-#
041 _aeng
044 _aenk
084 _a519
_b.S77
_c1770
100 1 _aCervantes Saavedra, Miguel de
_d1547-1616
_9213
245 1 0 _aThe History and Adventures of the Renowned Don Quixote
_cTranslated from the Spanish of Miguel de Cervantes Saavedra.
250 _a4
260 _aLondres
_bW. Strahan
_c1770
300 _a4 v.
_bil.
_c18 cm.
500 _aContenido : v.1. Primera parte. Vida de Cervantes. Advertencia de Smollett. Prólogo del autor. -- v.2. Primera parte. Texto. -- v.3. Segunda parte. Prólogo del autor. Aprobaciones y licencia de la edición príncipe. -- v.4. Segunda parte. Texto
500 _aEdición : To Which is Prefixed, some Account of the Author´s Life by T. Smollett, Illustrated with 28 new Copper-Plates designed by Hayman and Elegantly Engraved
500 _aCuarta edición de la traducción de Smollett, copia de la tercera, publicada en 1765, por Osborne. Piel Lúdovik Osterc
500 _aEstado físico : Las cubiertas de todos los volumenes están desprendidas
500 _aQM780
546 _aTexto en : inglés
650 1 4 _aNovela española
_yÉpoca clásica, 1500-1700
_9215
650 1 4 _aLiteratura española
_yÉpoca clásica, 1500-1700
_9216
650 1 4 _aNovela española
_ySiglo XVII
_9217
650 1 4 _aDon Quijote (Personaje ficticio)
_eNovela
_9218
740 0 _aEl Ingenioso Hidalgo Don Quijote de la Mancha
902 _aQFM
942 _2lcc
_cB
999 _c2954
_d2954